[Event "ZMD Open"]
[Site "Dresden"]
[Date "????.??.??"]
[Round "?"]
[White "Epishin, V."]
[Black "Polak, T."]
[Result "1/2-1/2"]
[WhiteElo "2587"]
[BlackElo "2544"]
[PlyCount "125"]
[EventDate "2007.07.??"]
[EventType "swiss"]

1. d4 Nf6 2. c4 e6 3. Nc3 Bb4 4. e3 O-O 5. Nge2 Re8 6. a3 Bf8 7. Ng3 d5 8. Be2
c5 9. dxc5 dxc4 10. O-O Bxc5 11. Bxc4 a6 12. b4 Be7 13. Be2 a5 14. b5 Nbd7 15.
Na4 Nb6 16. Qxd8 Bxd8 17. Nxb6 Bxb6 18. a4 Nd5 19. Bf3 Bd7 20. Ba3 Rec8 21.
Rfc1 Bc7 22. Nf5 exf5 23. Bxd5 Rab8 24. Rd1 Be6 25. Bb2 Rd8 26. Bxe6 fxe6 27.
Kf1 Rxd1+ 28. Rxd1 Rd8 29. Rc1 Rd7 30. Bd4 e5 31. b6 Bd8 32. Bxe5 Bxb6 33. Ke2
Kf7 34. Bc3 Bd8 35. Rb1 g6 36. h3 Ke6 37. Rb5 b6 38. Bd4 Rd6 39. g4 Rd5 40. Rb1
Rd6 41. Kd3 fxg4 42. hxg4 h5 43. Ke4 hxg4 44. Rg1 Bh4 45. Rxg4 Bxf2 46. Kf3 Be1
47. Rxg6+ Kd5 48. e4+ Kc6 49. Rxd6+ Kxd6 50. Ke2 Bb4 51. Kd3 Kc6 52. Kc4 Bd6
53. Bf6 Ba3 54. Be5 Bc5 55. Bf4 Be7 56. e5 Bb4 57. e6 Bd6 58. Bd2 Bc5 59. Bf4
Bd6 60. Be3 Bb4 61. Bf2 Kd6 62. Bxb6 Kxe6 63. Kb5 1/2-1/2

[Event "ZMD Open"]
[Site "Dresden"]
[Date "????.??.??"]
[Round "?"]
[White "Markowski, T."]
[Black "Lobzhanidze, D."]
[Result "1-0"]
[WhiteElo "2573"]
[BlackElo "2470"]
[PlyCount "71"]
[EventDate "2007.07.??"]
[EventType "swiss"]

1. g3 d5 2. Nf3 Bg4 3. Bg2 Nd7 4. O-O c6 5. d3 e6 6. h3 Bh5 7. c4 Bd6 8. Nc3
Ne7 9. cxd5 cxd5 10. e4 O-O 11. exd5 exd5 12. Ne2 Bxf3 13. Bxf3 Ne5 14. Bg2 Qd7
15. Nd4 N5c6 16. Be3 Nxd4 17. Bxd4 Nf5 18. Bc3 d4 19. Bd2 Rac8 20. Qb3 Rc5 21.
Rac1 Rb5 22. Qa4 a6 23. Rfe1 h5 24. h4 Qd8 25. Bg5 f6 26. Bd2 Rxb2 27. Red1 Qb6
28. Qd7 Ne7 29. a4 Ba3 30. Rc7 Qb3 31. Bf3 Qxd3 32. Qe6+ Kh8 33. Be2 Qg6 34.
Bc1 Nc6 35. Bxb2 Re8 36. Rc8 1-0

[Event "ZMD Open"]
[Site "Dresden"]
[Date "????.??.??"]
[Round "?"]
[White "Naumann, A."]
[Black "Kovalev, A."]
[Result "1/2-1/2"]
[WhiteElo "2550"]
[BlackElo "2529"]
[PlyCount "44"]
[EventDate "2007.07.??"]
[EventType "swiss"]

1. e4 c5 2. Nf3 e6 3. d4 cxd4 4. Nxd4 a6 5. Bd3 Bc5 6. Nb3 Be7 7. Qg4 g6 8. Qe2
d6 9. O-O Nd7 10. Na3 Ne5 11. Nc4 Nxc4 12. Bxc4 Qc7 13. Bd2 Nf6 14. Bd3 b6 15.
c4 Nd7 16. Nd4 Bf6 17. Be3 Bb7 18. b4 Ne5 19. Rac1 O-O 20. f3 Rac8 21. Rfd1
Rfd8 22. Nb3 Ba8 1/2-1/2

[Event "ZMD Open"]
[Site "Dresden"]
[Date "????.??.??"]
[Round "?"]
[White "Ghaem Maghami, E."]
[Black "Thinius, M."]
[Result "1-0"]
[WhiteElo "2610"]
[BlackElo "2330"]
[PlyCount "61"]
[EventDate "2007.07.??"]
[EventType "swiss"]

1. c4 b6 2. d4 Bb7 3. Nc3 e6 4. a3 f5 5. d5 Nf6 6. Bf4 Na6 7. g3 g6 8. Bg2 Bg7
9. Qc2 O-O 10. Rd1 Nc5 11. Nh3 Re8 12. O-O a5 13. Nb5 d6 14. b4 axb4 15. axb4
Na6 16. Qb3 exd5 17. cxd5 Rxe2 18. Nd4 Re8 19. Ne6 Qd7 20. Nxg7 Qxg7 21. Bc1 h6
22. Bb2 Kh7 23. Rfe1 Qf7 24. Re6 Nxd5 25. Rf6 Qg8 26. Bxd5 Bxd5 27. Qxd5 Qxd5
28. Rxd5 Nxb4 29. Rf7+ Kg8 30. Rg7+ Kf8 31. Rd2 1-0

[Event "ZMD Open"]
[Site "Dresden"]
[Date "????.??.??"]
[Round "?"]
[White "Arutinian, D."]
[Black "Zozulia, A."]
[Result "1-0"]
[WhiteElo "2591"]
[BlackElo "2328"]
[PlyCount "81"]
[EventDate "2007.07.??"]
[EventType "swiss"]

1. d4 g6 2. c4 Bg7 3. Nf3 d6 4. g3 Nf6 5. Bg2 O-O 6. Nc3 Nc6 7. O-O a6 8. e3
Rb8 9. Qe2 b5 10. Nd2 Bg4 11. f3 Bc8 12. b3 d5 13. cxd5 Nxd5 14. Nxd5 Qxd5 15.
Bb2 Bb7 16. Rac1 Rfd8 17. f4 Qd7 18. Ne4 Ba8 19. Nc5 Qd6 20. Nd3 e6 21. Rc2 Ne7
22. Bxa8 Rxa8 23. Rd1 c6 24. Ne5 Rac8 25. Qg2 Bxe5 26. fxe5 Qd7 27. Qf3 Nd5 28.
Rdd2 a5 29. e4 Nb6 30. Rf2 Rc7 31. Qc3 a4 32. Qc5 Rb8 33. d5 exd5 34. e6 Qxe6
35. Qd4 f6 36. Rxf6 Qxe4 37. Qxe4 dxe4 38. Be5 Rcb7 39. Bxb8 Rxb8 40. Rfxc6
axb3 41. axb3 1-0

[Event "ZMD Open"]
[Site "Dresden"]
[Date "????.??.??"]
[Round "?"]
[White "Heck, N."]
[Black "Kempinski, R."]
[Result "0-1"]
[WhiteElo "2328"]
[BlackElo "2587"]
[PlyCount "64"]
[EventDate "2007.07.??"]
[EventType "swiss"]

1. Nf3 Nf6 2. c4 g6 3. g3 Bg7 4. Bg2 d5 5. cxd5 Nxd5 6. d4 Nb6 7. Nc3 Nc6 8. e3
O-O 9. O-O Re8 10. b3 e5 11. dxe5 Nxe5 12. Nxe5 Bxe5 13. Bb2 Qe7 14. Qe2 c6 15.
Rfd1 Be6 16. Rac1 Red8 17. Rxd8+ Rxd8 18. Ne4 Nd7 19. Bxe5 Nxe5 20. Nc5 Bg4 21.
f3 Bc8 22. f4 Ng4 23. e4 Qd6 24. Bf3 Qd4+ 25. Kg2 b6 26. Na4 Ba6 27. Qe1 Qd2+
28. Qxd2 Rxd2+ 29. Kh3 Nf2+ 30. Kh4 Nd3 31. Rxc6 Rxh2+ 32. Kg5 Kg7 0-1

[Event "ZMD Open"]
[Site "Dresden"]
[Date "????.??.??"]
[Round "?"]
[White "Schindler, S."]
[Black "Savchenko, S."]
[Result "0-1"]
[WhiteElo "2246"]
[BlackElo "2571"]
[PlyCount "60"]
[EventDate "2007.07.??"]
[EventType "swiss"]

1. e4 c5 2. Nf3 d6 3. d4 cxd4 4. Nxd4 Nf6 5. Nc3 a6 6. Bg5 Nbd7 7. f4 b5 8.
Bxf6 Nxf6 9. e5 b4 10. Ncb5 axb5 11. exf6 Bd7 12. Bxb5 Bxb5 13. Nxb5 gxf6 14.
Qf3 Ra5 15. a4 bxa3 16. Rxa3 Rxa3 17. Qxa3 Bg7 18. c4 Qb6 19. Qa8+ Kd7 20. Qe4
e6 21. f5 Rc8 22. Ke2 Rc5 23. fxe6+ fxe6 24. Kd3 f5 25. Qh4 Re5 26. Rd1 Re4 27.
Qg3 Be5 28. Qh3 h5 29. b3 Qf2 30. Qf3 Qb2 0-1

[Event "ZMD Open"]
[Site "Dresden"]
[Date "????.??.??"]
[Round "?"]
[White "Sriram, J."]
[Black "Roesemann, R."]
[Result "1-0"]
[WhiteElo "2459"]
[BlackElo "2207"]
[PlyCount "67"]
[EventDate "2007.07.??"]
[EventType "swiss"]

1. d4 g6 2. Nf3 Bg7 3. g3 c5 4. d5 d6 5. Bg2 Nf6 6. O-O O-O 7. c4 Na6 8. Nc3
Nc7 9. e4 Bg4 10. Qc2 a6 11. Be3 b5 12. b3 Nd7 13. Rab1 Nb6 14. Nd2 Qd7 15.
Rfe1 b4 16. Ne2 Bxe2 17. Rxe2 a5 18. f4 a4 19. e5 axb3 20. axb3 Ra5 21. Nf3
Rfa8 22. Bc1 Ra1 23. Bb2 Rxb1+ 24. Qxb1 Qc8 25. exd6 exd6 26. Bxg7 Kxg7 27.
Qb2+ Kg8 28. Re7 Ncxd5 29. cxd5 Nxd5 30. Rxf7 Nc3 31. Ng5 Ra2 32. Qxa2 Nxa2 33.
Bd5 Qg4 34. Ra7+ 1-0

[Event "ZMD Open"]
[Site "Dresden"]
[Date "????.??.??"]
[Round "?"]
[White "Firman, N."]
[Black "Markowski, T."]
[Result "1-0"]
[WhiteElo "2517"]
[BlackElo "2573"]
[PlyCount "93"]
[EventDate "2007.07.??"]
[EventType "swiss"]

1. e4 c5 2. Nf3 e6 3. d4 cxd4 4. Nxd4 a6 5. Nc3 b5 6. Be3 Bb7 7. f3 Ne7 8. Qd2
Nec6 9. Nb3 d6 10. a4 b4 11. Na2 Qh4+ 12. Bf2 Qf6 13. Nxb4 Qxb2 14. Nd3 Qf6 15.
Rb1 Qd8 16. Be2 Be7 17. O-O O-O 18. Nb2 Nd7 19. Nc4 Qc7 20. Rfd1 Rad8 21. Qe1
Nce5 22. Nba5 Nxc4 23. Nxc4 d5 24. Qa5 Qc6 25. exd5 exd5 26. Ne3 Nf6 27. Nf5
Ba3 28. Rb3 Bc8 29. Nd4 Qd6 30. Rb6 Qe5 31. Nc6 Qxe2 32. Re1 Qxc2 33. Nxd8 Bd7
34. Nb7 Rc8 35. Rxa6 Bf8 36. Ra8 Rxa8 37. Qxa8 Qxa4 38. Qd8 Qb4 39. Nc5 Be8 40.
Na6 Qc3 41. Nc7 Bc6 42. h3 h6 43. Na8 g6 44. Nc7 Kg7 45. Kh2 Qb4 46. Ne6+ fxe6
47. Rxe6 1-0

[Event "ZMD Open"]
[Site "Dresden"]
[Date "????.??.??"]
[Round "?"]
[White "Graf, A."]
[Black "Sriram, J."]
[Result "1-0"]
[WhiteElo "2595"]
[BlackElo "2459"]
[PlyCount "69"]
[EventDate "2007.07.??"]
[EventType "swiss"]

1. d4 d5 2. c4 c6 3. Nc3 Nf6 4. cxd5 cxd5 5. Bf4 Nc6 6. e3 a6 7. Be2 Bf5 8. g4
Bc8 9. g5 Ne4 10. Nxe4 dxe4 11. d5 e5 12. Bg3 Nb4 13. a3 Qxg5 14. axb4 Bxb4+
15. Kf1 O-O 16. h4 Qe7 17. f3 exf3 18. Nxf3 Bd6 19. Nd2 f5 20. Nc4 f4 21. exf4
exf4 22. Bf2 Qe4 23. Rh2 f3 24. Bd3 Qf4 25. Rh1 Qg4 26. Ne3 Qh5 27. Qb3 b5 28.
Rc1 Bd7 29. Rg1 Bh3+ 30. Ke1 Bf4 31. d6+ Kh8 32. Rc7 Bxe3 33. Rgxg7 Bxf2+ 34.
Kd1 Bf5 35. Rg8+ 1-0

[Event "ZMD Open"]
[Site "Dresden"]
[Date "????.??.??"]
[Round "?"]
[White "Pirrot, D."]
[Black "Arutinian, D."]
[Result "1/2-1/2"]
[WhiteElo "2411"]
[BlackElo "2591"]
[PlyCount "38"]
[EventDate "2007.07.??"]
[EventType "swiss"]

1. e4 c6 2. d4 d5 3. Nc3 dxe4 4. Nxe4 Bf5 5. Ng3 Bg6 6. Bc4 e6 7. N1e2 Bb4+ 8.
c3 Bd6 9. h4 h6 10. Nf4 Bxf4 11. Bxf4 Nf6 12. h5 Bh7 13. O-O O-O 14. a4 a5 15.
Qb3 b6 16. Rfe1 Nd5 17. Bxd5 cxd5 18. Qb5 Nd7 19. Rac1 Rc8 1/2-1/2

[Event "ZMD Open"]
[Site "Dresden"]
[Date "????.??.??"]
[Round "?"]
[White "Malakhatko, V."]
[Black "Breder, D."]
[Result "1/2-1/2"]
[WhiteElo "2590"]
[BlackElo "2420"]
[PlyCount "89"]
[EventDate "2007.07.??"]
[EventType "swiss"]

1. d4 d5 2. c4 e6 3. Nf3 c6 4. Nc3 dxc4 5. Bg5 Be7 6. Bxe7 Qxe7 7. e4 b5 8. a4
Nf6 9. Qc2 b4 10. Ne2 c5 11. Ng3 Bb7 12. Bxc4 O-O 13. Bd3 h6 14. O-O cxd4 15.
Nxd4 Rd8 16. Nb3 Nc6 17. Rfd1 Ne5 18. Bb5 a6 19. Bf1 Rdc8 20. Qe2 Bc6 21. Rdc1
Qe8 22. Nc5 a5 23. Qe3 Qe7 24. f3 Qa7 25. Qf2 Be8 26. b3 Qb6 27. Na6 Qd6 28.
Rd1 Qe7 29. Rac1 Qb7 30. Nc5 Qb6 31. Nd3 Qxf2+ 32. Kxf2 Nxd3+ 33. Bxd3 Kf8 34.
Nf1 Nd7 35. Ke3 Ke7 36. Nd2 Nb6 37. f4 f6 38. Nf3 Bh5 39. Be2 Bxf3 40. Bxf3 e5
41. fxe5 fxe5 42. Bg4 Rxc1 43. Rxc1 Kd6 44. Rd1+ Ke7 45. Rc1 1/2-1/2

[Event "ZMD Open"]
[Site "Dresden"]
[Date "????.??.??"]
[Round "?"]
[White "Delemarre, J."]
[Black "Epishin, V."]
[Result "1-0"]
[WhiteElo "2457"]
[BlackElo "2587"]
[PlyCount "81"]
[EventDate "2007.07.??"]
[EventType "swiss"]

1. d4 Nf6 2. c4 e6 3. Nf3 b6 4. a3 Bb7 5. Nc3 Ne4 6. Nxe4 Bxe4 7. Nd2 Bg6 8. g3
Be7 9. Bg2 c6 10. d5 O-O 11. O-O Re8 12. Ne4 Na6 13. Bf4 exd5 14. cxd5 Rc8 15.
Re1 b5 16. dxc6 dxc6 17. Nd6 Bxd6 18. Qxd6 Qxd6 19. Bxd6 Be4 20. f3 Rcd8 21.
Bf4 Bg6 22. Red1 f5 23. Kf2 Bf7 24. Be3 Bb3 25. Rxd8 Rxd8 26. Rc1 Bc4 27. f4 c5
28. a4 Rb8 29. axb5 Bxb5 30. Bxc5 Nxc5 31. Rxc5 Bd7 32. Bd5+ Kf8 33. Rc7 Be8
34. b3 Rb5 35. Bc4 Ra5 36. Ke3 h6 37. Kd4 Ra1 38. Ke5 a5 39. Ra7 Rh1 40. Ke6
Rc1 41. Ra8 1-0

[Event "ZMD Open"]
[Site "Dresden"]
[Date "????.??.??"]
[Round "?"]
[White "Kempinski, R."]
[Black "Schmidt, G."]
[Result "1-0"]
[WhiteElo "2587"]
[BlackElo "2401"]
[PlyCount "139"]
[EventDate "2007.07.??"]
[EventType "swiss"]

1. d4 e6 2. c4 Nf6 3. Nf3 b6 4. g3 Ba6 5. b3 Bb4+ 6. Bd2 Be7 7. Nc3 O-O 8. Rc1
d5 9. cxd5 exd5 10. Bg2 Bb7 11. O-O Nbd7 12. Qc2 Re8 13. Bf4 c6 14. Qb2 Nf8 15.
Rfd1 Ng6 16. Bg5 h6 17. Bxf6 Bxf6 18. b4 a6 19. a4 b5 20. Ne1 Ne7 21. e3 Nf5
22. Nd3 Nd6 23. Nc5 Rc8 24. e4 dxe4 25. N3xe4 Nxe4 26. Bxe4 Ba8 27. Bf3 a5 28.
Qc3 axb4 29. Qxb4 bxa4 30. Ra1 Qe7 31. Rxa4 Red8 32. Qc4 Rc7 33. Qa2 Qe8 34.
Ne4 Be7 35. Re1 Bb7 36. Ra7 Ra8 37. Nc5 Qb8 38. Rxa8 Qxa8 39. Qb2 Bc8 40. Ra1
Ra7 41. Re1 Bh3 42. Nd3 Bd6 43. Qc1 Ra6 44. Nc5 Bxc5 45. dxc5 Ra5 46. Bg2 Bxg2
47. Kxg2 Qf8 48. Re5 f6 49. Qc4+ Kh8 50. Rf5 Qe7 51. Qd4 Ra8 52. Rf3 Rd8 53.
Qb4 Qe5 54. Re3 Qd5+ 55. Kg1 Ra8 56. Re1 f5 57. Qc3 Rf8 58. Re7 Rf7 59. Rxf7
Qxf7 60. Qe5 Kh7 61. h4 h5 62. Kg2 g6 63. Kf3 Qb3+ 64. Kf4 Qf7 65. Qd6 Qe8 66.
Kg5 f4 67. Qc7+ Kg8 68. Qxf4 Qe6 69. Qf6 Qd7 70. Qxg6+ 1-0

[Event "ZMD Open"]
[Site "Dresden"]
[Date "????.??.??"]
[Round "?"]
[White "Savchenko, S."]
[Black "Böhnisch, M."]
[Result "1-0"]
[WhiteElo "2571"]
[BlackElo "2346"]
[PlyCount "91"]
[EventDate "2007.07.??"]
[EventType "swiss"]

1. d4 d5 2. c4 c6 3. Nf3 Nf6 4. e3 Bg4 5. h3 Bh5 6. cxd5 Bxf3 7. Qxf3 cxd5 8.
Nc3 Nc6 9. Bd3 g6 10. Qd1 a6 11. Bd2 e5 12. dxe5 Nxe5 13. Be2 Bg7 14. Qb3 O-O
15. O-O b5 16. Rfd1 Qd6 17. Be1 Rfd8 18. Nxd5 Nxd5 19. e4 Nc4 20. Rxd5 Qe6 21.
Bxc4 bxc4 22. Qxc4 Bxb2 23. Rad1 Rdc8 24. Qd3 Be5 25. a4 Rab8 26. a5 Rb2 27.
Bd2 h5 28. Rd8+ Kh7 29. Rxc8 Qxc8 30. Be3 Qc7 31. Bb6 Qc2 32. Qxc2 Rxc2 33. g3
g5 34. Rd7 Kg6 35. Ra7 Rc6 36. Kg2 Bc3 37. Kf3 Rf6+ 38. Ke2 g4 39. h4 Rd6 40.
Ra8 Rd2+ 41. Ke3 Rd6 42. Rg8+ Kf6 43. Rc8 Bb2 44. Bc5 Rd7 45. Rc6+ Ke5 46. Bb6
1-0

[Event "ZMD Open"]
[Site "Dresden"]
[Date "????.??.??"]
[Round "?"]
[White "Brener, I."]
[Black "Ovsejevitsch, S."]
[Result "1/2-1/2"]
[WhiteElo "2382"]
[BlackElo "2568"]
[PlyCount "82"]
[EventDate "2007.07.??"]
[EventType "swiss"]

1. Nf3 Nf6 2. c4 b6 3. g3 Bb7 4. Bg2 e6 5. O-O Be7 6. Nc3 O-O 7. Re1 Ne4 8.
Nxe4 Bxe4 9. d3 Bb7 10. e4 c5 11. d4 cxd4 12. Nxd4 d6 13. b3 a6 14. a4 Nd7 15.
a5 Ne5 16. axb6 Qxb6 17. Be3 Qc7 18. Qe2 Nc6 19. Rab1 Nxd4 20. Bxd4 a5 21. Qb2
e5 22. Be3 Bc6 23. Qc2 Rfb8 24. Rec1 Qb7 25. Bd2 h6 26. Bc3 Qb6 27. Rd1 Rb7 28.
Bd2 Qc7 29. Qa2 Rbb8 30. Bc1 Rb7 31. Ba3 Rab8 32. Rd3 Bd7 33. Rbd1 Be6 34. Rc3
Rb6 35. Qc2 Rc6 36. Bf1 Qb7 37. Ra1 Rb6 38. Rb1 Qc7 39. Ra1 Qb7 40. Rb1 Qc7 41.
Ra1 Qb7 1/2-1/2

[Event "ZMD Open"]
[Site "Dresden"]
[Date "????.??.??"]
[Round "?"]
[White "Kovalev, A."]
[Black "Fox, D."]
[Result "1-0"]
[WhiteElo "2529"]
[BlackElo "2097"]
[PlyCount "117"]
[EventDate "2007.07.??"]
[EventType "swiss"]

1. e4 e6 2. d3 d5 3. Nd2 Nf6 4. Ngf3 Bc5 5. e5 Nfd7 6. c3 Bb6 7. d4 c5 8. Bb5
Nc6 9. Qa4 O-O 10. Bxc6 bxc6 11. Qxc6 Ba6 12. Nb3 Rc8 13. Qa4 Bc4 14. Be3 cxd4
15. Bxd4 Bxd4 16. cxd4 Rc7 17. Na5 Nb6 18. Qa3 Bb5 19. Kd2 f6 20. Qd6 Qxd6 21.
exd6 Nc4+ 22. Nxc4 Rxc4 23. Rac1 Rd8 24. b3 Rxc1 25. Rxc1 Rxd6 26. a4 Be8 27.
Rc7 Rd7 28. Rc8 Kf7 29. Ne1 Rb7 30. Kc3 Bd7 31. Rc5 g5 32. Nd3 Ke7 33. Ra5 Rc7+
34. Kd2 Kd6 35. Ra6+ Ke7 36. g3 Bc8 37. Ra5 Kd6 38. f4 gxf4 39. gxf4 Rg7 40. b4
Rg2+ 41. Kc3 a6 42. b5 axb5 43. axb5 Rxh2 44. Ra7 Rh1 45. Rf7 Rb1 46. Rxf6 Rxb5
47. Rh6 Rb7 48. Ne5 Rc7+ 49. Kd3 Rg7 50. f5 Rg3+ 51. Kd2 Rg2+ 52. Ke3 Ra2 53.
f6 Ra3+ 54. Kd2 Ra2+ 55. Ke3 Ra3+ 56. Kf4 Ra1 57. Rxh7 Rf1+ 58. Nf3 Ba6 59. Ke3
1-0

[Event "ZMD Open"]
[Site "Dresden"]
[Date "????.??.??"]
[Round "?"]
[White "Kempinski, R."]
[Black "Firman, N."]
[Result "1-0"]
[WhiteElo "2587"]
[BlackElo "2517"]
[PlyCount "73"]
[EventDate "2007.07.??"]
[EventType "swiss"]

1. d4 g6 2. c4 Bg7 3. g3 f5 4. Bg2 Nf6 5. Nh3 d6 6. d5 c6 7. Nf4 e5 8. dxe6 Qe7
9. Nc3 Na6 10. Be3 O-O 11. Qd2 Ng4 12. Bd4 Ne5 13. b3 Nc7 14. O-O Bxe6 15. Rad1
Bf7 16. e4 g5 17. Nfe2 f4 18. gxf4 gxf4 19. Qxf4 b5 20. Qg3 b4 21. f4 bxc3 22.
fxe5 dxe5 23. Bxc3 Bg6 24. Qg4 Rxf1+ 25. Rxf1 Ne6 26. h4 Qe8 27. Bh3 Nd4 28.
Ng3 Kh8 29. h5 Bf7 30. Nf5 Nxf5 31. Rxf5 h6 32. Qg3 Qd7 33. Kh2 Rg8 34. Bxe5
Be6 35. Bxg7+ Rxg7 36. Rf8+ Kh7 37. Bxe6 1-0

[Event "ZMD Open"]
[Site "Dresden"]
[Date "????.??.??"]
[Round "?"]
[White "Kovalev, A."]
[Black "Graf, A."]
[Result "1/2-1/2"]
[WhiteElo "2529"]
[BlackElo "2595"]
[PlyCount "25"]
[EventDate "2007.07.??"]
[EventType "swiss"]

1. e4 e5 2. Nf3 Nc6 3. Bb5 a6 4. Ba4 Nf6 5. d3 d6 6. c3 g6 7. O-O Bg7 8. d4 Bd7
9. dxe5 Nxe5 10. Nxe5 dxe5 11. Bxd7+ Qxd7 12. Qxd7+ Kxd7 13. f3 1/2-1/2

[Event "ZMD Open"]
[Site "Dresden"]
[Date "????.??.??"]
[Round "?"]
[White "Naumann, A."]
[Black "Savchenko, S."]
[Result "1/2-1/2"]
[WhiteElo "2550"]
[BlackElo "2571"]
[PlyCount "28"]
[EventDate "2007.07.??"]
[EventType "swiss"]

1. e4 c5 2. Nf3 d6 3. Bb5+ Bd7 4. Bxd7+ Qxd7 5. c4 Nf6 6. Nc3 g6 7. d4 cxd4 8.
Nxd4 Bg7 9. f3 O-O 10. O-O Rc8 11. b3 d5 12. exd5 Nxd5 13. Nxd5 e6 14. Bh6 exd5
1/2-1/2

[Event "ZMD Open"]
[Site "Dresden"]
[Date "????.??.??"]
[Round "?"]
[White "Ghaem Maghami, E."]
[Black "Delemarre, J."]
[Result "1-0"]
[WhiteElo "2610"]
[BlackElo "2457"]
[PlyCount "63"]
[EventDate "2007.07.??"]
[EventType "swiss"]

1. c4 e5 2. g3 c6 3. d4 Bb4+ 4. Bd2 Bxd2+ 5. Qxd2 d6 6. Nc3 Nf6 7. Bg2 O-O 8.
e3 Re8 9. Nge2 e4 10. h3 h5 11. O-O Na6 12. Nf4 Nc7 13. f3 g5 14. Nfe2 exf3 15.
Rxf3 g4 16. hxg4 Bxg4 17. Rf2 Nh7 18. Raf1 Ng5 19. e4 Re6 20. Nf4 Rh6 21. b4 h4
22. gxh4 Nh7 23. h5 Qg5 24. e5 dxe5 25. Ne4 Qg7 26. dxe5 Qxe5 27. Nd5 cxd5 28.
Qxh6 Bxh5 29. Nd6 Rf8 30. Nf5 Bg6 31. Re2 Qc3 32. Ne7+ 1-0

[Event "ZMD Open"]
[Site "Dresden"]
[Date "????.??.??"]
[Round "?"]
[White "Arutinian, D."]
[Black "Brener, I."]
[Result "1-0"]
[WhiteElo "2591"]
[BlackElo "2382"]
[PlyCount "70"]
[EventDate "2007.07.??"]
[EventType "swiss"]

1. d4 d5 2. c4 c6 3. Nf3 Nf6 4. Nc3 a6 5. c5 Bf5 6. Bf4 Nbd7 7. e3 e6 8. Be2
Ne4 9. O-O Be7 10. Nxe4 Bxe4 11. Nd2 Bg6 12. b4 O-O 13. Nb3 Re8 14. Rc1 Bf6 15.
Bd6 e5 16. dxe5 Bxe5 17. Bxe5 Nxe5 18. f4 Nc4 19. Bxc4 dxc4 20. Rxc4 Qxd1 21.
Rxd1 Rxe3 22. Na5 Bh5 23. Rd2 f6 24. Rcd4 Re7 25. Rd7 Re1+ 26. Kf2 Re4 27. Rxb7
Rxf4+ 28. Ke3 Rh4 29. Nxc6 Re8+ 30. Re7 Kf8 31. Rxe8+ Bxe8 32. Nd4 Rxh2 33. c6
Rh1 34. c7 Bd7 35. Nc6 Ke8 1-0

[Event "ZMD Open"]
[Site "Dresden"]
[Date "????.??.??"]
[Round "?"]
[White "Mueller, M."]
[Black "Malakhatko, V."]
[Result "0-1"]
[WhiteElo "2284"]
[BlackElo "2590"]
[PlyCount "112"]
[EventDate "2007.07.??"]
[EventType "swiss"]

1. d4 Nf6 2. Nf3 e6 3. Bf4 b6 4. e3 Bb7 5. Nbd2 g6 6. h3 Bg7 7. Bd3 O-O 8. O-O
d6 9. Bh2 Nc6 10. a3 a6 11. e4 Nd7 12. c3 e5 13. Nb3 h6 14. Qc2 Qe7 15. Rad1
Nd8 16. Rfe1 Ne6 17. dxe5 Nxe5 18. Nbd2 Nxd3 19. Qxd3 Rad8 20. Qc2 Rfe8 21. b4
d5 22. e5 c5 23. Bg3 Rc8 24. Qb1 Rc7 25. b5 Ra8 26. bxa6 Rxa6 27. Qb2 Rc8 28.
Ra1 Bc6 29. Reb1 b5 30. Qc1 Rca8 31. Nb3 Qa7 32. Qd1 Rxa3 33. Rxa3 Qxa3 34. Qc2
Qa7 35. h4 d4 36. cxd4 Bxf3 37. gxf3 c4 38. Nc5 Nxd4 39. Qe4 Rc8 40. Nb7 c3 41.
Nd6 c2 42. Nxc8 cxb1=Q+ 43. Qxb1 Nxf3+ 44. Kg2 Qb7 45. Qc1 Nxh4+ 46. Kh3 Qd7+
47. Kh2 Nf3+ 48. Kg2 Nxe5 49. Qc5 Qc6+ 50. Qxc6 Nxc6 51. Nd6 b4 52. Nc4 b3 53.
Nd2 Nd4 54. Bd6 b2 55. Nb1 Nb5 56. Bb4 Bf8 0-1

[Event "ZMD Open"]
[Site "Dresden"]
[Date "????.??.??"]
[Round "?"]
[White "Markowski, T."]
[Black "Pirrot, D."]
[Result "1-0"]
[WhiteElo "2573"]
[BlackElo "2411"]
[PlyCount "129"]
[EventDate "2007.07.??"]
[EventType "swiss"]

1. g3 f5 2. c4 Nf6 3. Bg2 e6 4. Nf3 Be7 5. O-O O-O 6. b3 d6 7. d4 a5 8. Nc3 Qe8
9. Bb2 Qh5 10. e3 Na6 11. Re1 Bd7 12. Nd2 Qxd1 13. Rexd1 c6 14. d5 Nc5 15. Ba3
Rad8 16. dxc6 Bxc6 17. Bxc6 bxc6 18. Nf3 Nfd7 19. Nd4 Rc8 20. Rd2 e5 21. Nde2
e4 22. Kg2 g6 23. Rad1 Kf7 24. Nd4 Ne5 25. f3 exf3+ 26. Nxf3 Ng4 27. Bxc5 dxc5
28. Rd3 Rfd8 29. h3 Rxd3 30. Rxd3 Nf6 31. Na4 Ke6 32. Ng5+ Ke5 33. Rd1 h6 34.
Nf3+ Ke6 35. Ne1 Ne4 36. Nd3 Rc7 37. g4 Bd6 38. Kf3 g5 39. gxf5+ Kxf5 40. Nf2
Nxf2 41. Rxd6 Ke5 42. Rxh6 Rf7+ 43. Kg3 Ne4+ 44. Kg4 Rf2 45. Rxc6 Rg2+ 46. Kh5
Kf5 47. Nxc5 Rh2 48. Kh6 Rxh3+ 49. Kg7 Rxe3 50. Nxe4 Rxe4 51. Rf6+ Ke5 52. Ra6
g4 53. Rxa5+ Kf4 54. Kf6 g3 55. Rf5+ Ke3 56. Rg5 Kf4 57. Rf5+ Ke3 58. c5 g2 59.
Rg5 Kf2 60. c6 Re2 61. b4 Rb2 62. a3 Rb3 63. Rxg2+ Kxg2 64. Ke6 Rxa3 65. c7 1-0

[Event "ZMD Open"]
[Site "Dresden"]
[Date "????.??.??"]
[Round "?"]
[White "Ovsejevitsch, S."]
[Black "Weidel, A."]
[Result "1-0"]
[WhiteElo "2568"]
[BlackElo "2207"]
[PlyCount "49"]
[EventDate "2007.07.??"]
[EventType "swiss"]

1. d4 d5 2. c4 e6 3. Nf3 Nf6 4. Nc3 Be7 5. Qc2 O-O 6. cxd5 exd5 7. Bg5 h6 8.
Bh4 c6 9. e3 Ne4 10. Bxe7 Qxe7 11. Bd3 Bf5 12. Ne5 Re8 13. g4 Be6 14. Bxe4 dxe4
15. Qxe4 Nd7 16. Nxd7 Qxd7 17. Qf4 Bxg4 18. Rf1 f5 19. h3 g5 20. Qg3 Qxd4 21.
hxg4 f4 22. Qh2 Qd3 23. Rd1 Qc2 24. Qxh6 Re5 25. Rh1 1-0

[Event "ZMD Open"]
[Site "Dresden"]
[Date "????.??.??"]
[Round "?"]
[White "Breder, D."]
[Black "Polak, T."]
[Result "1/2-1/2"]
[WhiteElo "2420"]
[BlackElo "2544"]
[PlyCount "29"]
[EventDate "2007.07.??"]
[EventType "swiss"]

1. e4 c6 2. d4 d5 3. exd5 cxd5 4. Bd3 Nc6 5. c3 Qc7 6. h3 Nf6 7. Ne2 e5 8. dxe5
Nxe5 9. Nd4 Nxd3+ 10. Qxd3 Bc5 11. Be3 O-O 12. O-O Bd7 13. Nd2 Rfe8 14. Rfe1 h6
15. N4f3 1/2-1/2

[Event "ZMD Open"]
[Site "Dresden"]
[Date "????.??.??"]
[Round "?"]
[White "Schaefer, M."]
[Black "Lobzhanidze, D."]
[Result "0-1"]
[WhiteElo "2411"]
[BlackElo "2470"]
[PlyCount "106"]
[EventDate "2007.07.??"]
[EventType "swiss"]

1. e4 c5 2. Nf3 Nc6 3. d4 cxd4 4. Nxd4 Nf6 5. Nc3 d6 6. f4 g6 7. Be2 Bg7 8. Be3
O-O 9. O-O Qb6 10. Qd3 Ng4 11. Bxg4 Bxd4 12. Bxd4 Qxd4+ 13. Qxd4 Nxd4 14. Bxc8
Rfxc8 15. Rf2 Kf8 16. Rd1 Rc4 17. Rfd2 Nc6 18. Re1 Rc8 19. Nd5 e6 20. Nc3 Nd4
21. Red1 e5 22. Rf1 Rb4 23. fxe5 dxe5 24. Rdf2 Rxb2 25. Nd1 Rbxc2 26. Rxf7+ Kg8
27. Rxb7 Ne2+ 28. Kh1 Rf8 29. Re1 Rc1 30. Rd7 Nc3 31. h3 Rf7 32. Rd2 Rf4 33.
Kh2 Rxe4 34. Rxe4 Nxe4 35. Rd8+ Kf7 36. Ne3 Nf6 37. Rd3 Rc6 38. Ra3 a6 39. Rb3
Ke6 40. Rb7 h5 41. Kg1 Nd5 42. Kf2 Rb6 43. Rg7 Rb2+ 44. Kf3 Nxe3 45. Kxe3 Kf6
46. Rc7 Rxa2 47. g4 hxg4 48. hxg4 Kg5 49. Ke4 Kxg4 50. Kxe5 g5 51. Kf6 Ra5 52.
Kg6 Kg3 53. Rc3+ Kh4 0-1

[Event "ZMD Open"]
[Site "Dresden"]
[Date "????.??.??"]
[Round "?"]
[White "Graf, A."]
[Black "Kempinski, R."]
[Result "1/2-1/2"]
[WhiteElo "2595"]
[BlackElo "2587"]
[PlyCount "31"]
[EventDate "2007.07.??"]
[EventType "swiss"]

1. d4 Nf6 2. c4 g6 3. Nc3 Bg7 4. e4 O-O 5. Nf3 c6 6. Qc2 Na6 7. Be2 d6 8. O-O
Qc7 9. h3 e5 10. c5 exd4 11. cxd6 Qxd6 12. e5 Qc5 13. exf6 Bxf6 14. Bh6 Bg7 15.
Bxg7 Kxg7 16. Bxa6 1/2-1/2